Times por Escudo - Primeira Divisíon 2025 (Argentina) - Statistics

Estatísticas Gerais
  • Esse quiz foi jogado 53 vezes
  • A pontuação média é 21 de 30
Estatísticas das Respostas
Imagem Resposta % Correto
Racing
98%
Boca Juniors
95%
River Plate
95%
Lanús
93%
Defensa y Justicia
91%
Estudiantes
91%
San Lorenzo
91%
Huracán
89%
Talleres
89%
Independiente
86%
Rosário Central
86%
Velez Sarsfield
86%
Tigre
84%
Argentinos Juniors
82%
Newells Old Boys
82%
Godoy Cruz
80%
Banfield
68%
Atlético Tucuman
66%
Central Córdoba
61%
Gimnasia y Esgrima
59%
Platense
59%
Belgrano
55%
Aldosivi
50%
Sarmiento
48%
Unión
48%
Barracas Central
41%
Instituto ACC
32%
San Martín
32%
Independiente Rivadavia
25%
Deportivo Riestra
23%
Nenhum quiz correspondente encontrado
Distribuição das Pontuações
Porcentagem de Pessoas com Cada Pontuação
Percentil de Números Respondidos
Sua Pontuação Histórica
Você não jogou esse quiz